Route Optimization Technique for Nested Mobile Networks (Record no. 12279)
[ view plain ]
| 000 -LEADER | |
|---|---|
| fixed length control field | 00413nam a22001337a 4500 |
| 082 ## - DEWEY DECIMAL CLASSIFICATION NUMBER | |
| Classification number | MS-PhD-IT ZIA |
| 100 ## - MAIN ENTRY--PERSONAL NAME | |
| Personal name | Zia-Ul-Haq |
| 9 (RLIN) | 17742 |
| 245 ## - TITLE STATEMENT | |
| Title | Route Optimization Technique for Nested Mobile Networks |
| 260 ## - PUBLICATION, DISTRIBUTION, ETC. | |
| Place of publication, distribution, etc. | Islamabad |
| Name of publisher, distributor, etc. | NUST SEECS |
| Date of publication, distribution, etc. | 2013 |
| 300 ## - PHYSICAL DESCRIPTION | |
| Extent | 51 P |
| Accompanying material | CD-ROM |
| 500 ## - GENERAL NOTE | |
| General note | Supervisors; Dr. Adeel Baig |
| 856 ## - ELECTRONIC LOCATION AND ACCESS | |
| Uniform Resource Identifier | <a href="http://10.250.8.41:8080/xmlui/handle/123456789/32024">http://10.250.8.41:8080/xmlui/handle/123456789/32024</a> |
| 942 ## - ADDED ENTRY ELEMENTS (KOHA) | |
| Koha item type | Project Report |
| Source of classification or shelving scheme | |
| Withdrawn status | Lost status | Damaged status | Not for loan | Collection code | Permanent Location | Current Location | Shelving location | Date acquired | Total Checkouts | Full call number | Barcode | Date last seen | Date last checked out | Price effective from | Koha item type |
|---|---|---|---|---|---|---|---|---|---|---|---|---|---|---|---|
| Central Library (CL) | Central Library (CL) | General Stacks | 12/21/2013 | 1 | MS-PhD-IT ZIA | SEECSP01292 | 08/18/2015 | 07/28/2015 | 12/21/2013 | Project Report |
